000 00527caa a22001572a 4500
001 019126
003 AR-FADEU
008 311216n########xxu####################dd
092 _a982
_bH673
100 _aSábato, Hilda
245 _aLa revolución del 90 : ¿ruptura o restauración?
300 _aPP. 1022-1036
500 _aEn: Historia visual de la Argentina, cap. 77 / Buenos Aires : Clarín
942 _cBDGR
999 _c24856
_d24856
773 0 _024801
_924541
_a
_b
_dBuenos Aires
_o8258
_tHISTORIA visual de la Argentina
_w( AR-FADEU) 019071
_x
_z